Central Library OPAC University of Rajshahi

Fish physiology : (Record no. 13918)

MARC details
000 -LEADER
fixed length control field 00804pam a2200253 a 4500
001 - CONTROL NUMBER
control field 13918
003 - CONTROL NUMBER IDENTIFIER
rucl marc code BD-RjUL
005 - DATE AND TIME OF LATEST TRANSACTION
control field 20211208235534.0
008 - FIXED-LENGTH DATA ELEMENTS--GENERAL INFORMATION
fixed length control field 140203s1969 enka b 001 0 eng
035 ## - SYSTEM CONTROL NUMBER
System control number (BD-RjUL)13970
040 ## - CATALOGING SOURCE
Original cataloging agency DLC
Transcribing agency DLC
Modifying agency DLC
-- BD-RjUL
Language of cataloging eng
041 ## - LANGUAGE CODE
Language code of text/sound track or separate title eng
082 00 - DEWEY DECIMAL CLASSIFICATION NUMBER
Classification number 597.01
Edition number 19
Author mark and year FIS 1969
245 00 - TITLE STATEMENT
Title Fish physiology :
Statement of responsibility, etc. edited by W. S. Hoar and D. J. Randall.
Number of part/section of a work Volume 1 :
Name of part/section of a work Rxcretion, Ionoc Regulation, and Metabolism.
260 ## - PUBLICATION, DISTRIBUTION, ETC. (IMPRINT)
Place of publication, distribution, etc. London ;
-- New York :
Name of publisher, distributor, etc. Academic press,
Date of publication, distribution, etc. c1969.
300 ## - PHYSICAL DESCRIPTION
Pagination xiv, 465 p. :
Illustrations ill. ;
Size 23 cm.
504 ## - BIBLIOGRAPHY, ETC. NOTE
Bibliography, etc Includes bibliographies and index.
650 #0 - SUBJECT ADDED ENTRY--TOPICAL TERM
Topical term or geographic name as entry element Fishes
General subdivision Physiology.
9 (RLIN) 43508
700 1# - ADDED ENTRY--PERSONAL NAME
Personal name Hoar, W. S.
Personal name Randall, D. J.
942 ## - ADDED ENTRY ELEMENTS (KOHA)
Source of classification or shelving scheme Dewey Decimal Classification
Koha item type Books
Holdings
Lost status Source of classification or shelving scheme Materials specified (bound volume or other part) Damaged status Not for loan Collection code Permanent Location Current Location Shelving location Date acquired Source of acquisition Cost, normal purchase price Total Checkouts Full call number Date last seen Copy number Koha item type
  Dewey Decimal Classification V-1     Non-fiction Central Library, University of Rajshahi Central Library, University of Rajshahi   13/08/1979 Heffers. 28.05   597.01 FIS V-1 1969 03/02/2014 C-2 Books
  Dewey Decimal Classification     Not For Loan Non-fiction Central Library, University of Rajshahi Central Library, University of Rajshahi Reading Room 13/08/1979 Heffers 28.00   597.01 FIS V-1 1969 13/03/2017 C-1 Books